| 000 | 01055nkm a2200337 c 4500 | ||
|---|---|---|---|
| 999 |
_c208930 _d208930 |
||
| 003 | BLK | ||
| 005 | 20200430095629.0 | ||
| 008 | 180412b bul rap|r|||| r0| ||bulo| | ||
| 010 | _aKNG00070517000 | ||
| 020 | _a3-8228-0831-8 | ||
| 040 | _aBLK | ||
| 041 |
_aDEU _cDEU |
||
| 080 |
_aДокументална фотография _b77.03 _x:57(253) _z77.03:57(253) |
||
| 100 | 1 |
_aLanting, Frans _eпърви автор _916488 |
|
| 139 |
_aLanting, Frans et al. _bЛ 23 _fL 27 _gЛ 23 |
||
| 245 | 1 | 0 |
_aJungles _cFrans Lanting; съавт. Christine Eckstrom. |
| 257 | _aDEU | ||
| 260 |
_bTaschen _c2000 _fPrinted in Spain |
||
| 300 |
_a260 p. _bill. _c32 cm |
||
| 380 | _a7 | ||
| 650 | 4 |
_aФотография - албуми _9283734 |
|
| 650 | 4 |
_aДжунгла _9153316 |
|
| 653 | _aджунгла | ||
| 653 | _aфотоалбуми | ||
| 700 | 1 |
_aEckstrom, Christine _eсъавт. _99282 |
|
| 700 |
_aЛантинг, Франс _9408703 |
||
| 852 | _aЦб Гр А ІІ 4261 | ||
| 856 | 4 |
_qpdf _u |
|
| 856 | 4 |
_qpdf _u |
|
| 942 |
_cGRA _n0 _s1 |
||
| 944 |
_aCR _c11.01.2007 _kЦветанка_Енчева |
||
| 944 |
_aED _c04.07.2007 |
||
| 999 | _d208930 | ||